The Potential Of Generative AI (Record no. 365440)

MARC details
000 -LEADER
fixed length control field 00462 a2200157 4500
005 - DATE AND TIME OF LATEST TRANSACTION
control field 20250716174312.0
008 - FIXED-LENGTH DATA ELEMENTS--GENERAL INFORMATION
fixed length control field 250716b |||||||| |||| 00| 0 eng d
020 ## - INTERNATIONAL STANDARD BOOK NUMBER
International Standard Book Number 9789355516725
041 ## - LANGUAGE CODE
Language code of text/sound track or separate title English
100 ## - MAIN ENTRY--PERSONAL NAME
Author Gupta D.
245 ## - TITLE STATEMENT
Title The Potential Of Generative AI
Remainder of title : Transforming Technology, Business And Art Through Innovative AI Applications
260 ## - PUBLICATION, DISTRIBUTION, ETC.
Name of publisher, distributor, etc. BPB Publications
Date of publication, distribution, etc. 2024
300 ## - PHYSICAL DESCRIPTION
Extent 308
700 ## - ADDED ENTRY--PERSONAL NAME
Personal name Srivastava A.
942 ## - ADDED ENTRY ELEMENTS (KOHA)
Koha item type Books
Holdings
Withdrawn status Lost status Source of classification or shelving scheme Damaged status Not for loan Home library Current library Date acquired Vendor Net Price Total Checkouts Full call number Barcode Date last seen Actual Price Bill Date Koha item type Date due Date last checked out
    Dewey Decimal Classification     Cummins College of Engineering for Women Pune Cummins College of Engineering for Women Pune 12/03/2025 115 524.25   006.31 GUP CCEP-BK-68565 12/03/2025 699.00 12/03/2025 Books    
    Dewey Decimal Classification     Cummins College of Engineering for Women Pune Cummins College of Engineering for Women Pune 30/08/2025 115 524.25 1 006.3 GUP CCEP-BK-69302 07/01/2026 699.00 30/08/2025 Books 06/07/2026 07/01/2026